00309nam a2200121 a 4500008004100000050001500041100002200056245003700078250001300115260003300128300001700161350000900178120416nuuuuuuuu||||||||||||||||| || u aGB 121 Mit aMittleman, Earl N13aAn outline of American geography arev. ed. aWashington, D. C.bICAcn.d. a132p. : ill. a0.00